Catálogo

Histología para patólogos / (Registro nro. 41868)

Detalles MARC
000 -LEADER
fixed length control field 01539cam a2200361 i 4500
001 - CONTROL NUMBER
control field 41868
003 - CONTROL NUMBER IDENTIFIER
control field Mx-PuUPA
005 - DATE AND TIME OF LATEST TRANSACTION
control field 20240410103820.0
008 - FIXED-LENGTH DATA ELEMENTS--GENERAL INFORMATION
fixed length control field 140415s2015 ve a fr 000 0 spa d
020 ## - INTERNATIONAL STANDARD BOOK NUMBER
International Standard Book Number 9789588871271
040 ## - CATALOGING SOURCE
Original cataloging agency Mx-PuUPA
Language of cataloging spa
Transcribing agency Mx-PuUPA
Modifying agency Mx-PuUPA
Description conventions rda
041 1# - LANGUAGE CODE
Language code of text/sound track or separate title spa
Language code of original eng
130 10 - MAIN ENTRY--UNIFORM TITLE
Uniform title Histology for pathologists.
245 10 - TITLE STATEMENT
Title Histología para patólogos /
Statement of responsibility, etc. editor, Stacey E. Mills ; traducción, Luz Angela Torres
250 ## - EDITION STATEMENT
Edition statement Cuarta edición
264 #1 - PRODUCTION, PUBLICATION, DISTRIBUTION, MANUFACTURE, AND COPYRIGHT NOTICE
Place of production, publication, distribution, manufacture Caracas, Venezuela :
Name of producer, publisher, distributor, manufacturer Amolca,
Date of production, publication, distribution, manufacture, or copyright notice 2015
300 ## - PHYSICAL DESCRIPTION
Extent 2 volúmenes (paginación varía) :
Other physical details ilustraciones (principalmente a color) ;
Accompanying material 29 cm
336 ## - CONTENT TYPE
Fuente rdacontent
Content type term texto
Content type code txt
337 ## - MEDIA TYPE
Source rdamedia
Media type term sin medio
Media type code n
338 ## - CARRIER TYPE
Source rdacarrier
Carrier type term volumen
Carrier type code nc
505 0# - FORMATTED CONTENTS NOTE
Formatted contents note tomo I.
Title Tejido cutáneo ; Glándula mamaria ; Sistema musculoesquelético : Sistema nervioso ; Cabeza y cuello ; Tórax y membranas serosas ; Tracto alimentario -
505 0# - FORMATTED CONTENTS NOTE
Formatted contents note tomo II.
Title Sistema hematopoyético ; Tracto genitourinario ; Sistema genital femenino ; Endocrino.
650 #4 - SUBJECT ADDED ENTRY--TOPICAL TERM
Topical term or geographic name entry element Histología patológica
650 #4 - SUBJECT ADDED ENTRY--TOPICAL TERM
Topical term or geographic name entry element Histología
650 #4 - SUBJECT ADDED ENTRY--TOPICAL TERM
Topical term or geographic name entry element Patología
700 1# - ADDED ENTRY--PERSONAL NAME
Personal name Mills, Stacey E.,
Relator term editor
700 1# - ADDED ENTRY--PERSONAL NAME
Personal name Torres, Luz Angela,
Relator term traductor
765 08 - ORIGINAL LANGUAGE ENTRY
Main entry heading Mills, Stacey E.,
Place, publisher, and date of publication Philadelphia, PA. : Lippincott Williams & Wilkins, ©2012
Title Histology for pathologists.
International Standard Book Number 9781451113037
942 ## - ADDED ENTRY ELEMENTS (KOHA)
Source of classification or shelving scheme Dewey Decimal Classification
Koha item type Libro
Item part H6735
Classification part 611.018
Existencias
Withdrawn status Lost status Source of classification or shelving scheme Damaged status Not for loan Collection code Home library Current library Shelving location Date acquired Source of acquisition Serial Enumeration / chronology Total Checkouts Total Renewals Full call number Barcode Checked out Date last seen Date last checked out Price effective from Koha item type
    Dewey Decimal Classification     Magisterial Biblioteca Karol Wojtyla Biblioteca Karol Wojtyla Módulo de circulación 03/12/2013 Compra t.2 4 1 611.018 H6735 2015 63183 15/02/2027 14/02/2026 14/02/2026 03/12/2013 Magisterial
    Dewey Decimal Classification     Magisterial Biblioteca Karol Wojtyla Biblioteca Karol Wojtyla Módulo de circulación 03/12/2013 Compra t.1 4 1 611.018 H6735 2015 63138 15/02/2027 14/02/2026 14/02/2026 03/12/2013 Magisterial